000 00326nam a22001337a 4500
008 170607b xxu||||| |||| 00| 0 eng d
020 _a9780312084769
041 _aeng
080 _25 ED
_a338
100 _a18
101 _aSHP
245 _aTHR POLITICS INTERNATIONAL ECONOMICS RELATIONS
_cSPERO.J.E
942 _2udc
_cBK
999 _c16300
_d16300